| 000 | 00751nam a2200229 a 4500 | ||
|---|---|---|---|
| 001 | 000023416 | ||
| 005 | 20200930022214.0 | ||
| 008 | 101207nuuuuuuuuec 000 e spa d | ||
| 040 |
_aDO-SdBNP _bspa _cBNPHU |
||
| 082 |
_aE864.2 _bM763c |
||
| 100 | 1 |
_aMontalvo, Juan, _d1832-1889 _916611 |
|
| 245 | 1 | 4 |
_aLas Catilinarias / _cJuan Montalvo ; introducción de Hernán Rodríguez Castelo. |
| 260 |
_aQuito, Ecuador : _bPublicaciones Educativas "Ariel", _c[s.f.]. |
||
| 300 |
_a175 p. ; _c22 cm. |
||
| 490 | 1 |
_aClásicos Ariel _v65 |
|
| 650 | 4 |
_aEnsayos ecuatorianos _93909 |
|
| 650 | 4 |
_aLiteratura ecuatoriana _93938 |
|
| 700 | 1 |
_aRodríguez Castelo, Hernán, _eintrod. _94689 |
|
| 830 | 0 |
_aClásicos Ariel ; _v65 _93125 |
|
| 910 | _aWM | ||
| 049 | _aBNGR | ||
| 999 |
_c22913 _d22913 |
||